Sanat - "Sisko" - Robin - Statistics

Yleistilastot
  • Tätä visaa on pelattu 83 kertaa
  • Keskiarvotulos 85 / 97
Vastaustilastot
Vastaus % Oikein
Hei
98%
Hei
98%
Hei
98%
hei
98%
hei
98%
hei
98%
sisko
98%
sisko
98%
sisko
98%
sisko
98%
sisko
98%
me
96%
me
96%
me
96%
me
96%
sua
96%
sua
96%
sua
96%
sua
96%
sua
96%
sua
96%
93%
93%
aina
91%
aina
91%
aina
91%
aina
91%
en
91%
en
91%
en
91%
en
91%
en
91%
koita
91%
koita
91%
koita
91%
koita
91%
mihin
91%
mihinkään
91%
mihinkään
91%
mihinkään
91%
mihinkään
91%
mihinkään
91%
niin
91%
niin
91%
niin
91%
niin
91%
niin
91%
niin
91%
riidellään
91%
riidellään
91%
riidellään
91%
riidellään
91%
vaihtais
91%
vaihtais
91%
vaihtais
91%
vaihtais
91%
vaihtais
91%
vaikka
91%
vaikka
91%
vaikka
91%
vaikka
91%
ymmärtää
91%
ymmärtää
91%
ymmärtää
91%
ymmärtää
91%
ja
87%
ja
87%
ja
87%
kuuntele
87%
mua
87%
87%
meet
85%
on
85%
puolustan
83%
ikinä
80%
ikinä
80%
mitä
80%
sama
80%
teet
80%
DNA
78%
vaikket
76%
meidän
74%
verisuonissa
74%
huomaiskaan
72%
jos
70%
kasvoilla
70%
koska
70%
löydät
70%
luottaa
70%
muhun
70%
rakkauden
70%
sen
70%
voit
70%
menetät
67%
kuivaan
61%
kyynelees
61%
pois
59%
Ehtoja vastaavia visoja ei löytynyt
Tulosjakauma
Jokaisen tuloksen saaneiden osuus
Persentiili vastausten määrän mukaan
Tuloshistoriasi
Et ole pelannut tätä visaa